000 00550nam a22001937a 4500
003 OSt
005 20151207153018.0
008 151207b xxu||||| |||| 00| 0 eng d
020 _a082644976
040 _cDDC.
082 _a371MED 2001.
100 _aErricker;Oliver;Erricker,Jane;
_96538
245 _aMedication in Schools:
_bA Practical Guide to Calmer Classroom.
260 _aLondon,
_bContinuum.
_c2001
300 _aviii,156p;
_bill;
_c24cm
504 _aResources and index are included.
650 _aEducation.
_91404
942 _2ddc
_cSLOAN
999 _c2843
_d2843